000 00847nam a2200325 a 4500
003 AR-BaBNM
005 20251128204933.0
008 082120s2002 ||||||||||||||000 | spa||
020 _a84-375-0342-6
040 _cAR-BaBNM
100 1 _aDumézil, Georges
245 0 0 _aDel mito a la novela
_bla saga de Hadingus, Saxo Gramático
250 _a1ª ed.
260 _aMadrid
_bFondo de Cultura Económica
_c1993
300 _a238 p.
490 0 _aLengua y estudios literarios
500 _aContiene apéndices en p. 141-226
650 4 _aHISTORIA LITERARIA
650 4 _aINVESTIGACION LITERARIA
650 4 _aNOVELAS
650 4 _aMITOLOGIA
650 4 _aFOLKLORE
650 4 _aFILOLOGIA
650 4 _aEDAD MEDIA
650 4 _aLATIN
653 _aLITERATURA DANESA
655 _aLITERATURA
942 _cBK
998 _cisola
999 _c9403
_d9403